| 000 | 00557cam a22001814a 4500 | ||
|---|---|---|---|
| 020 | _a0072317930 (alk. paper) | ||
| 040 | _cDLC | ||
| 082 | 0 | 0 | _a330 IRW 2001 A065 Or. |
| 100 | 1 | _aColander, David C. | |
| 245 | 1 | 0 | _aEconomics / |
| 250 | _a4th ed. | ||
| 260 |
_aBoston, Mass. : _bIrwin/McGraw-Hill _c2001. |
||
| 300 |
_axxxii, 787, G-14, CG-9, I-18 p. : _bcol. ill. ; _c26 cm. |
||
| 500 | _aA multi-media instructional package with related Website is available to supplement the text. | ||
| 500 | _aIncludes index. | ||
| 650 | 0 | _aEconomics. | |
| 942 | _cEK | ||
| 999 |
_c14260 _d14260 |
||